Bookkeeping made easy / (Record no. 15234)
[ view plain ]
| 000 -LEADER | |
|---|---|
| fixed length control field | 00747nam a2200253 a 4500 |
| 001 - CONTROL NUMBER | |
| control field | 15234 |
| 003 - CONTROL NUMBER IDENTIFIER | |
| rucl marc code | BD-RjUL |
| 005 - DATE AND TIME OF LATEST TRANSACTION | |
| control field | 20241219103313.0 |
| 008 - FIXED-LENGTH DATA ELEMENTS--GENERAL INFORMATION | |
| fixed length control field | 140209r19631939nyua 000 0 eng |
| 035 ## - SYSTEM CONTROL NUMBER | |
| System control number | (BD-RjUL)15288 |
| System control number | (OCoLC)6495632 |
| 040 ## - CATALOGING SOURCE | |
| Original cataloging agency | DLC |
| Transcribing agency | MoRM |
| Modifying agency | MoRM |
| -- | OCoLC |
| -- | DLC |
| -- | BD-RjUL |
| Language of cataloging | eng |
| 041 ## - LANGUAGE CODE | |
| Language code of text/sound track or separate title | eng |
| 082 ## - DEWEY DECIMAL CLASSIFICATION NUMBER | |
| Classification number | 657.2 |
| Author mark and year | SHB 1963 |
| 100 1# - MAIN ENTRY--PERSONAL NAME | |
| Personal name | Sheff, Alexander L. |
| 9 (RLIN) | 47365 |
| 245 10 - TITLE STATEMENT | |
| Title | Bookkeeping made easy / |
| Statement of responsibility, etc. | Alexander L. Sheff |
| 250 ## - EDITION STATEMENT | |
| Edition statement | Dolphin books edition |
| 260 ## - PUBLICATION, DISTRIBUTION, ETC. (IMPRINT) | |
| Place of publication, distribution, etc. | Garden City, N.Y. : |
| Name of publisher, distributor, etc. | Doubleday, |
| Date of publication, distribution, etc. | c1939 [printing 1952,1955, 1958, 1960,1963 ]. |
| 300 ## - PHYSICAL DESCRIPTION | |
| Pagination | x, 310 p. : |
| Illustrations | ill. ; |
| Size | 21 cm. |
| 650 #0 - SUBJECT ADDED ENTRY--TOPICAL TERM | |
| Topical term or geographic name as entry element | Bookkeeping. |
| 9 (RLIN) | 22559 |
| 942 ## - ADDED ENTRY ELEMENTS (KOHA) | |
| Source of classification or shelving scheme | Dewey Decimal Classification |
| Koha item type | Books |
| Lost status | Source of classification or shelving scheme | Damaged status | Not for loan | Collection code | Permanent Location | Current Location | Shelving location | Date acquired | Source of acquisition | Cost, normal purchase price | Total Checkouts | Full call number | Date last seen | Copy number | Koha item type |
|---|---|---|---|---|---|---|---|---|---|---|---|---|---|---|---|
| Dewey Decimal Classification | Non-fiction | Central Library, University of Rajshahi | Central Library, University of Rajshahi | 27/07/1964 | Zeithlinger. | 16.00 | 657.2 SHB 1963 | 09/02/2014 | C-10 | Books | |||||
| Dewey Decimal Classification | Non-fiction | Central Library, University of Rajshahi | Central Library, University of Rajshahi | 10/03/1963 | Zeithlinger. | 12.00 | 657.2 SHB 1939 | 09/02/2014 | C-6 | Books | |||||
| Dewey Decimal Classification | Non-fiction | Central Library, University of Rajshahi | Central Library, University of Rajshahi | 27/07/1964 | zeitlinger | 16.00 | 657.2 SHB 1963 | 23/03/2019 | C-7 | Books | |||||
| Dewey Decimal Classification | Non-fiction | Central Library, University of Rajshahi | Central Library, University of Rajshahi | 27/07/1964 | zeitlinger | 16.00 | 657.2 SHB 1963 | 23/03/2019 | C-8 | Books | |||||
| Dewey Decimal Classification | Non-fiction | Central Library, University of Rajshahi | Central Library, University of Rajshahi | 27/07/1964 | zeitlinger | 16.00 | 657.2 SHB 1963 | 23/03/2019 | C-9 | Books | |||||
| Dewey Decimal Classification | Non-fiction | Central Library, University of Rajshahi | Central Library, University of Rajshahi | 20/03/1963 | Zeitlinger | 12.00 | 657.2 SHB 1960 | 27/03/2019 | C-2 | Books | |||||
| Dewey Decimal Classification | Non-fiction | Central Library, University of Rajshahi | Central Library, University of Rajshahi | 20/03/1963 | Zeitlinger | 12.00 | 657.2 SHB 1960 | 27/03/2019 | C-3 | Books | |||||
| Dewey Decimal Classification | Non-fiction | Central Library, University of Rajshahi | Central Library, University of Rajshahi | 29/09/1959 | Asia Foundation | 657.2 SHB 1959 | 27/03/2019 | C-4 | Books | ||||||
| Dewey Decimal Classification | Not For Loan | Non-fiction | Central Library, University of Rajshahi | Central Library, University of Rajshahi | Reading Room | 29/09/1959 | Asia Foundation | 657.2 SHB 1959 | 27/03/2019 | C-1 | Books | ||||
| Dewey Decimal Classification | Non-fiction | Central Library, University of Rajshahi | Central Library, University of Rajshahi | General Stacks | 19/12/2024 | 657.2 SHB 1952 | 19/12/2024 | C-5 | Books |